00780nam a2200193Ia 4500003000900000008004100009020001800050040001600068080002300084111009900107245017200206260005000378300001400428490003900442650004100481650002000522650002100542700002300563IN-BaIIA211028s9999 xx 000 0 eng d a0-88318-355-2 cIIA Library a524.64(082.2)bTHE aSymposium on the Galactic Center Honoring C. H. TownescBerkeley, California, USd1986 Oct. 25 4aThe galactic centerbproceedings of the symposium on the galactic center honoring C. H. Townes, held in Berkeley, California, US, 25 Oct 1986cedited by D. C. Backer  aNew YorkbAmerican Institute of Physicsc1987 aix, 201p. aAIP conference proceedings; v. 155 aAstronomy and astrophysics thesaurus aGalactic center aMilky way galaxy aBacker, D. C .,ed.